Probability and statistics for cereals and grains : a guide to measurement and analysis /

Bibliographic Details
Main Author: Nelsen, Terry C.
Corporate Author: ScienceDirect (Online service)
Format: eBook
Language:English
Published: Cambridge, MA : Woodhead Publishing, 2023.
Subjects:
Online Access:Connect to the full text of this electronic book

MARC

Tag First Indicator Second Indicator Subfields
LEADER 00000cam a22000007a 4500
001 in00005771749
005 20260327174335.7
006 m o d
007 cr un|---aucuu
008 230328s2023 mau o 001 0 eng d
040 |a YDX  |b eng  |c YDX  |d OPELS  |d UKMGB  |d UKAHL  |d OCLCF  |d N$T  |d OCLCO 
015 |a GBC309539  |2 bnb 
016 7 |a 020870848  |2 Uk 
020 |a 9780323986359  |q (electronic bk.) 
020 |a 0323986358  |q (electronic bk.) 
020 |z 9780323917247 
020 |z 0323917240 
035 |a (OCoLC)1373980148 
037 |a 9780323986359  |b Ingram Content Group 
050 4 |a SB189 
082 0 4 |a 633.101519  |2 23/eng/20230403 
049 |a TXAM 
100 1 |a Nelsen, Terry C. 
245 1 0 |a Probability and statistics for cereals and grains :  |b a guide to measurement and analysis /  |c Terry C. Nelsen. 
260 |a Cambridge, MA :  |b Woodhead Publishing,  |c 2023. 
300 |a 1 online resource 
336 |a text  |b txt  |2 rdacontent 
337 |a computer  |b c  |2 rdamedia 
338 |a online resource  |b cr  |2 rdacarrier 
500 |a Includes index. 
588 0 |a Print version record. 
650 0 |a Grain  |x Statistical methods. 
650 0 |a Grain  |x Research. 
650 6 |a Céréales  |x Méthodes statistiques. 
650 6 |a Céréales  |x Recherche. 
650 7 |a Grain  |x Research  |2 fast 
655 7 |a Electronic books.  |2 local 
710 2 |a ScienceDirect (Online service) 
776 0 8 |i Print version:  |z 0323917240  |z 9780323917247  |w (OCoLC)1337144424 
776 0 8 |i Print version:  |a NELSEN, TERRY C.  |t PROBABILITY AND STATISTICS FOR CEREALS AND GRAINS.  |d [S.l.] : WOODHEAD PUBLISHING, 2023  |z 0323917240  |w (OCoLC)1337144424 
856 4 0 |u http://proxy.library.tamu.edu/login?url=https://www.sciencedirect.com/science/book/9780323917247  |z Connect to the full text of this electronic book  |t 0 
955 |a Elsevier ScienceDirect 2026-2027 
994 |a 92  |b TXA 
999 f f |i a1b9e0ef-0e77-4dcd-904d-56538f45e668  |s f12105f5-0a14-4d43-a3b0-ad430e9ee30f  |t 0 
952 f f |a Texas A&M University  |b College Station  |c Electronic Resources  |s www_evans  |d Available Online  |t 0  |e SB189   |h Library of Congress classification 
998 f f |a SB189   |t 0  |l Available Online